000 00478cam a22001692 4500
001 ltf91047113
003 DLC
005 20260227111553.0
008 910429s1956 rm 000 0 rum
010 _altf91047113
040 _aDLC
_cDLC
_dDLC
050 0 0 _a4PC Rum 162
100 1 _aEminescu, Mihai,
_d1850-1889.
245 1 0 _aPoezii,
_ccu o prefață de Mihail Sadoveanu.
260 _a[București]
_bEditura de Stat Pentru Literatură și Artă
_c[1956?]
300 _a282 p.
999 _c37590
_d37590